• 首页
  • 本馆介绍
  • 公告通知
  • 最新文献
  • 馆藏检索
  • 电子资源
  • 读者导购
  • 参考咨询
  • 我的图书馆
  • 登录
  • 详细信息显示
  • 放入我的书架
  • 预约/预借图书
  • 作者相关作品
  • 分类相关作品
  • 丛书相关作品
  • 出版社相关作品

书目信息

  • 表格格式
  • 工作单格式
  • 卡片格式
题名:
集团的力量
    
 
作者: 王吉鹏 主编 ;仁达方略管理咨询公司 著
分册:  
出版信息: 北京   企业管理出版社  2013
页数: 22,193页
开本: 24cm
丛书名: 仁达方略管理文库
单 册:
中图分类: F272-05
科图分类:
主题词: 企业文化--研究 , 企业文化
电子资源:
ISBN: 978-7-5164-0462-1
000 01388oam2 2200313 450
001 519
005 20140909091427.68
010    @a978-7-5164-0462-1@dCNY39.80
100    @a20130917d2013 em y0chiy50 ea
101 0  @achi
102    @aCN@b110000
105    @ay z 000yy
106    @ar
200 1  @a集团的力量@AJi Tuan De Li Liang@e撬动集团可持续发展的杠杆@EQiao Dong Ji Tuan Ke Chi Xu Fa Zhan De Gang Gan@dGroup power@ethe leverage for moving the group's sustainable development@f仁达方略管理咨询公司著@FRen Da Fang Lue Guan Li Zi Xun Gong Si Zhu@zeng
210    @a北京@c企业管理出版社@d2013
215    @a22,193页@d24cm
225 2  @a仁达方略管理文库@i集团管理系列
314    @a主编:王吉鹏
330    @a本书共7章,内容包括:中国集团企业发展路在何方、集团企业如何做到大而强、集团企业如何提升组织效率、集团企业如何发挥人力资源的能动性、集团企业如何构建文化软实力等。
461  0 @12001 @a仁达方略管理文库
510 1  @aGroup power@ethe leverage for moving the group's sustainable development@zeng
517 1  @a撬动集团可持续发展的杠杆@AQiao Dong Ji Tuan Ke Chi Xu Fa Zhan De Gang Gan
606 0  @a企业文化@x研究
606 0  @a企业文化
690    @aF272-05@v5
701  0 @a王吉鹏@AWang Ji Peng@g(企业管理)@4主编
712 02 @a仁达方略管理咨询公司@ARen Da Fang Lue Guan Li Zi Xun Gong Si@4著
801  0 @aCN@bTANGWEI@c20140603
905    @b0838048-50@dF272-05@e1004@f3
    
    集团的力量:撬动集团可持续发展的杠杆=Group power:the leverage for moving the group's sustainable development/仁达方略管理咨询公司著.-北京:企业管理出版社,2013
    22,193页;24cm.-(仁达方略管理文库.集团管理系列)
    
    
    ISBN 978-7-5164-0462-1:CNY39.80
    本书共7章,内容包括:中国集团企业发展路在何方、集团企业如何做到大而强、集团企业如何提升组织效率、集团企业如何发挥人力资源的能动性、集团企业如何构建文化软实力等。
●
相关链接 在E读中查询图书 在五车中查询图书 在当当中查询图书 在豆瓣中查询图书


正题名:集团的力量     索取号:F272-05/1004         预约/预借

序号 登录号 条形码 馆藏地/架位号 状态 备注
1 0838048   208380483   第一样本阅览室/ [索取号:F272-05/1004] 在馆    
2 0838049   208380492   密集书库-海洋学院/ [索取号:F272-05/1004] 在馆    
3 0838050   208380508   第一借阅区/ [索取号:F272-05/1004] 在馆    
唐山师范学院图书馆 欢迎您!
大连网信软件有限公司© 版权所有